Score 0/29 Timer 10:00
0 Plays Today
Question Answer % Correct
What would Roman god Cupid shoot at people to make them fall in love?Arrows
86%
Osiris, the Egyptian god of the underworld, the afterlife, and rebirth, is often depicted with skin of what color?Green
85.3%
The above are weapons and equipment used by which group of superheroes?The Avengers
83.9%
What is Yggdrasil, which connects the nine worlds of Norse mythology through its branches and roots?Tree
81.2%
Can you fill in the blank of this quote said by Vishnu in the Bhagavad Gita? 'Now I am become Death, the _________ of worlds.'Destroyer
73.2%
Which human emotion was personified by Alecto, one of the Erinyes, or Furies, the goddesses of vengeance?Anger
72%
What artifact was created by the brothers Sindri and Brokkr on a bet from Loki, whose meddling contributed to its handle being short?Mjölnir
71.7%
Which group of superheroes is suggested by the above answers?Guardians of the Galaxy
71.2%
What group of superheroes is suggested by the above?Justice League
70.8%
What island is described by Plato in two of his dialogues as having sunk into the Atlantic Ocean after losing favor with the gods?Atlantis
70.6%
Abenaki mythology includes Azeban, a trickster spirit in the form of what 'masked' mammal native to North America?Raccoon
70.5%
What animal is often depicted with Minerva and is considered a symbol of wisdom?Owl
69.2%
In what part of her armor did Athena place Medusa's head after Perseus gave it to her?Shield
69%
What textile was discovered when a cocoon fell into the empress' tea cup, according to Chinese mythology?Silk
67.2%
Winged or not, Hermes' sandals were reputed to grant him the what of the wind?Speed
64.4%
Question Answer % Correct
The Pleiades were nymphs transformed into what by Zeus, to help them avoid Orion's pursuit?Star
63.4%
What river got its mythology-related name after an expedition was attacked by a local tribe where women fought alongside the men?Amazon
62.2%
Prometheus and Atlas are two Titans depicted in statues near Rockefeller Center in which New York borough?Manhattan
61.8%
Talos, a giant protector of Crete made of bronze with one single vein, could be described with what modern word for a being with both organic and mechanical parts? Cyborg
60%
Artemis, Orion, and Atalanta are most closely related to what occupation? Hunter
59.7%
What type of 'stand-up' performer should be inspired by the muse Thalia?Comedian
58.3%
What group of superheroes has names containing the above words? Watchmen
50.6%
The word cryptids, meaning animals whose existence is questionable, including many mythological creatures, derives from the Greek for 'hidden', the same as what chemical element?Krypton
50.2%
Egyptian scribes would spill one drop of ink in honor of Thoth, their god. What modern psychological test records people's perceptions of inkblots?Rorschach
49.1%
Glima, first mentioned in the 9th C. in Snorri's Edda, is a Scandinavian form of what arts, whose name comes from the Roman god of war?Martial arts
46.5%
The warrior Sigurd, or Siegfried, awakened the valkyrie Brunhild by cutting what protective gear off her?Armor
42.1%
Which Egyptian goddess, related to Hathor, is depicted with a human face and cow ears and horns, or as a celestial cow surrounded by stars?Bat
36.9%
What item does Alberich make from Rhine gold in the cycle of operas by Wagner based on Norse sagas?Ring
34.7%
What is the name of a famous poem by Shelley and a Greek name for Ramses II, held in modern popular culture mythology as the pharaoh in Moses' story?Ozymandias
32.9%
Remove Ads.
Support Sporcle.
Get the best of Sporcle when you Go Orange. This ad-free experience offers more features, more stats, and more fun while also helping to support Sporcle. Thank you for becoming a member.

You're not logged in!

Compare scores with friends on all Sporcle quizzes.
OR
Log In

Show Comments

Extras

Top Quizzes Today


Score Distribution

Your Account Isn't Verified!

In order to create a playlist on Sporcle, you need to verify the email address you used during registration. Go to your Sporcle Settings to finish the process.

Report this User

Report this user for behavior that violates our Community Guidelines.

Details: